Introduction to organic laboratory techniques : (Record no. 5989)

MARC details
000 -LEADER
fixed length control field 00866cam a2200265 a 4500
001 - CONTROL NUMBER
control field 3397937
003 - CONTROL NUMBER IDENTIFIER
control field 20170313161822.0
005 - DATE AND TIME OF LATEST TRANSACTION
control field 20240606081007.0
008 - FIXED-LENGTH DATA ELEMENTS--GENERAL INFORMATION
fixed length control field 890605s1990 paua bf 001 0 eng
010 ## - LIBRARY OF CONGRESS CONTROL NUMBER
LC control number 89010336
020 ## - INTERNATIONAL STANDARD BOOK NUMBER
Canceled/invalid ISBN 003254183
040 ## - CATALOGING SOURCE
Original cataloging agency DLC
Transcribing agency DLC
Modifying agency DLC
050 00 - LIBRARY OF CONGRESS CALL NUMBER
Classification number QD261
Item number .I54 2004
082 00 - DEWEY DECIMAL CLASSIFICATION NUMBER
Classification number 547/.0078
Edition information 20
245 00 - TITLE STATEMENT
Title Introduction to organic laboratory techniques :
Remainder of title a small scale approach /
250 ## - EDITION STATEMENT
Edition statement 2st ed.
260 ## - PUBLICATION, DISTRIBUTION, ETC.
Place of publication, distribution, etc. Philadelphia :
Name of publisher, distributor, etc. Saunders College Pub.,
Date of publication, distribution, etc. c2004
300 ## - PHYSICAL DESCRIPTION
Extent xv, 997 p. :
Other physical details ill. ;
Dimensions 27 cm.
490 0# - SERIES STATEMENT
Series statement Saunders golden sunburst series
504 ## - BIBLIOGRAPHY, ETC. NOTE
Bibliography, etc. note Includes bibliographical references and index.
650 #0 - SUBJECT ADDED ENTRY--TOPICAL TERM
Topical term or geographic name entry element Chemistry, Organic
Form subdivision Laboratory manuals.
700 1# - ADDED ENTRY--PERSONAL NAME
Personal name Pavia, Donald L.
906 ## - LOCAL DATA ELEMENT F, LDF (RLIN)
a 7
b cbc
c orignew
d 1
e ocip
f 19
g y-gencatlg
942 ## - ADDED ENTRY ELEMENTS (KOHA)
Source of classification or shelving scheme Library of Congress Classification
Koha item type Books
Holdings
Withdrawn status Lost status Source of classification or shelving scheme Damaged status Not for loan Home library Current library Date acquired Total checkouts Full call number Barcode Date last seen Price effective from Koha item type
    Library of Congress Classification     Murang'a University of Technology Library Murang'a University of Technology Library 13/03/2017   QD261 .I54 2004 007371 30/08/2024 13/03/2017 Books